| 000 | 00000nam##2200000za#4500 |
| 001 | 9.602706 |
| 003 | CaOODSP |
| 005 | 20210624210715 |
| 007 | cr ||||||||||| |
| 008 | 150406|1998||||xxc|||||o f|0| 0 fre|d |
| 040 | |aCaOODSP|bfre |
| 043 | |an-cn--- |
| 086 | 1 |aF21-6/1998-8-2F-PDF |
| 110 | 1 |aCanada.|bMinistère des finances.|bGroupe de travail sur l'avenir du secteur des services financiers canadien. |
| 245 | 10|aLes consommateurs et le secteur des services financiers. Volume 2, : |h[ressource électronique]|bExpérience internationale / |crévisé par Robert R. Kerton. |
| 260 | |aOttawa - Ontario : |bFinances Canada. |cSeptembre 1998. |
| 300 | |a243p.|bréférences, tableaux |
| 490 | 1 |aDocument de recherche préparé pour le Groupe de travail sur l'avenir du secteur des services financiers canadien |
| 500 | |aLe n° de catalogue (BT22-61/3-1998F-8b) copié dans cette édition PDF est incorrect. L'ISBN (0-662-83159-4) de l'édition imprimée a été incorrectement copié dans l'édition électronique. |
| 504 | |aBibliographie. |
| 590 | |a11-30-Supp|b2011-12-02 |
| 691 | 07|aConsommateur|2gcpds |
| 720 | 1 |aKerton, Robert R. |
| 775 | 08|tConsumers in the financial services sector. Volume 2, : |w(CaOODSP)9.572328 |
| 776 | 0#|tLes consommateurs et le secteur des services financiers : |w(CaOODSP)9.624854 |
| 830 | #0|aDocument de recherche préparé pour le Groupe de travail sur l'avenir du secteur des services financiers canadien.|w(CaOODSP)9.503148 |
| 856 | 40|ahttp://publications.gc.ca|qPDF|s844 Ko|uhttps://publications.gc.ca/collections/Collection/F21-6-1998-8-2F.pdf |